Xadrez: não deixe te comer #2 - Sudden Death - Statistics

Estatísticas Gerais
  • Esse quiz foi jogado 103 vezes
  • A pontuação média é 10 de 26
Answers on the Grid
Answers color-coded by a green-red scale on the quiz's grid according to % correct below.
 
Estatísticas das Respostas
Resposta % Correto
50%
46%
46%
42%
42%
42%
42%
42%
42%
42%
42%
38%
38%
38%
38%
38%
38%
33%
33%
33%
33%
33%
33%
33%
29%
25%
Nenhum quiz correspondente encontrado
Distribuição das Pontuações
Porcentagem de Pessoas com Cada Pontuação
Percentil de Números Respondidos
Sua Pontuação Histórica
Você não jogou esse quiz